P. Ovidii Nasonis Opera, Qvae Extant, Omnia Tribvta In Tomos Tres Quorum Primo continentur Heroidvm Epistolae. Amorvm Libri III. De Arte Amandi Libri III. De Remedio Amoris libri II. Vnà cum alijs quibusdam poëmatijs, quae auersa pagella indicabit. Omnia Castigatiora Ex Postrema Iacobi Micylli recognitione, Et Recensione Nova Gregorii Bersmani, cum indicatione diuersae scripturae, & locorum difficiliorum explanatione, cum ipsius, tum aliorum. Editio Secvnda Priore aliquot locis auctior

Bibliographic Details
Main Author: Ovidius, 43 pred Kr.-asi 18 po Kr (Author)
Corporate Author: Steinmann, Hans - dedičia (Lipsko, Nemecko) (Printer)
Other Authors: Steinmann, Hans, dedičia, 16. storočie (Printer), Bersman, Gregor, 1536-1611 (Dedicator), Posthius, Johannes, 1537-1597 (Dedicator), Barth, Michael, zomrel 1584 (Dedicator), Siber, Adam, 1515-1584 (Dedicator), Modius, François, 1556-1599 (Dedicator), Scaliger, Giulio Cesare, 1484-1558 (Dedicator), Fabricius, Georg, 1516-1571 (Commentator for written text)
Format: Book
Language:Latin
PhysicalDescription:[32], 430, [1] strana 8° 17 × 11 cm
Published: Lipsiae Imprimebant Haeredes Ioannis Steinmanni 1590
Subjects:

MARC

LEADER 00000nam a2200000 a 4500
001 vtls011878508
003 SK-MaSNL
005 20260301224552.0
008 251112s1590 gw f 010 pdlat
015 |a SNBHFA1590 
035 |a urn:nbn:sk:snk-am00gdnj 
035 |a urn:nbn:sk:snk-am3izcg 
035 |a ED3DA994-52D0-4C70-BD50-BE347D530EDF 
040 |a SNKHF  |b slo  |c SNK  |e AACR2 
041 0 |a lat 
044 |a gw  |c DE 
072 7 |a 821.09  |x Literatúra v rôznych jazykoch (o nej)  |2 konspekt 
080 |a 82‑1  |2 2011 
080 |a 82‑13  |2 2011 
080 |a 070.448  |2 2011 
100 0 |a Ovidius,  |d 43 pred Kr.-asi 18 po Kr.  |4 aut  |9 183591 
245 1 0 |a P. Ovidii Nasonis Opera, Qvae Extant, Omnia Tribvta In Tomos Tres  |b Quorum Primo continentur Heroidvm Epistolae. Amorvm Libri III. De Arte Amandi Libri III. De Remedio Amoris libri II. Vnà cum alijs quibusdam poëmatijs, quae auersa pagella indicabit. Omnia Castigatiora Ex Postrema Iacobi Micylli recognitione, Et Recensione Nova Gregorii Bersmani, cum indicatione diuersae scripturae, & locorum difficiliorum explanatione, cum ipsius, tum aliorum. Editio Secvnda Priore aliquot locis auctior 
260 |a Lipsiae  |b Imprimebant Haeredes Ioannis Steinmanni  |c 1590 
300 |a [32], 430, [1] strana  |c 8°  |c 17 × 11 cm 
500 |a Signet, vinety, iniciálka s ornamentálnym pozadím vo voľnom priestore na 8 riadkov 
504 |a Marginálie, kustody 
508 |a Dedikácia: Bersman, Gregor; Joachim Friedrich - brandenburský kurfirst a správca magdeburského arcipiskupstva; Posthius, Johannes; Barth, Michael; Siber, Adam; Modius, François; Scaliger, Giulio Cesare 
510 4 |a VD 16 ZV/12112 
546 |a Latinčina  |b Antiqua  |b Kurzíva 
550 |a Tlačiar doplnený z kolofónu 
561 |a Z knižnice františkánov Skalica.  |5 SNKID 101267 
562 |a Rukopisné exlibrisy: Anno 1778 Die 28. Librum hunc Ovidij deprehendi apud Ioannem Matuska Pannifice et Civem Szakolczensem, qvem ut inhibitum etiam statim abstuli cum ejus consenu et huic Nostrae Bibliothecae incorporavi. Fr. Paulinus Bajan [?]. - Pertinet autem hic liber ad A. Rdũm Dnũm Andream Hanzlik Parochũ Verboczensem, sed cum hoc anno ex Parochia ut deficiens sit acceptus Tyrnaviam, vix illum repetet. - Sum ex libris J. R. S.  |5 SNKID 101267 
563 |a Väzba: sivo-žltá koža s ornamentálno-figurálnou slepotlačou a stopy po šnúrkach.  |5 SNKID 101267 
650 0 7 |a antická literatúra  |2 SNKPH  |9 92203 
650 0 7 |a poézia  |2 SNKPH  |9 1274 
650 0 7 |a umelecká literatúra  |2 SNKPH  |9 1488 
655 7 |a básne  |2 SNKPH  |9 86731 
700 1 |a Steinmann, Hans,  |c dedičia,  |d 16. storočie  |4 prt  |9 352533 
700 0 |a Joachim Friedrich,  |c brandenburský kurfirst a správca magdeburského arcipiskupstva,  |d 1546-1608  |4 hnr  |9 128474 
700 1 |a Bersman, Gregor,  |d 1536-1611  |4 dto  |4 hnr  |9 53969 
700 1 |a Giraldi, Giglio Gregorio,  |d 1479-1552  |4 oth  |9 127906 
700 1 |a Crinito, Pietro,  |d 1465-1507  |4 oth  |9 54406 
700 1 |a Marso, Paolo,  |d 1440-1484  |4 oth  |9 129092 
700 1 |a Posthius, Johannes,  |d 1537-1597  |4 dto  |9 129917 
700 1 |a Barth, Michael,  |d zomrel 1584  |4 dto  |9 126557 
700 1 |a Siber, Adam,  |d 1515-1584  |4 dto  |9 50439 
700 1 |a Modius, François,  |d 1556-1599  |4 dto  |9 49449 
700 1 |a Scaliger, Giulio Cesare,  |d 1484-1558  |4 dto  |9 172761 
700 1 |a Fabricius, Georg,  |d 1516-1571  |4 cwt  |9 170968 
710 1 |a Františkáni (Skalica, Slovensko)  |4 fmo  |9 305294 
710 0 |a Steinmann, Hans - dedičia (Lipsko, Nemecko),  |d 1588-1590  |4 prt  |9 179515 
752 |a Nemecko  |d Lipsko 
852 |a snk  |b Františkáni Skalica  |p ID 101267 
958 |a ONDV 
958 |a DA 
999 |c 947739  |d 949669 
952 |t Fr Sk 15 763  |a SNK  |b SNK  |c SNK_HF  |y PREZ  |7 0  |p 17A1356084  |o snkID 101267  |i snk2019/19231  |8 5  |0 0  |1 0  |4 0  |d 2019-07-23  |f 1  |l 0  |r 2026-02-24 09:38:54  |w 2026-02-24